| 000 | 01229namaa2200325 i 4500 | ||
|---|---|---|---|
| 003 | EG-GICUC | ||
| 005 | 20260617134346.0 | ||
| 008 | 260617s2001 ua ||||jr|||| 00| 0 ara d | ||
| 017 |
_a2001 / 3876 _bدار الكتب والوثائق القومية (مصر) |
||
| 020 | _a9775046920 | ||
| 040 |
_aEG-GiCUC _bara _cEG-GiCUC _dEG-GiCUC _erda |
||
| 082 | 0 | 4 |
_221 _a229.5 _bU48 2001 |
| 092 | 0 | 4 |
_221 _a229.5 _bU48 2001 |
| 099 | _a229.5 U48 2001 | ||
| 100 | 1 |
_aالعمرى، أحمد جمال _eمؤلف. |
|
| 245 | 1 | 0 |
_aدراسات فى التفسير الموضوعى للقصص القرآنى / _cتأليف أحمد جمال العمرى |
| 250 | _aالطبعة الثانية | ||
| 264 |
_aالقاهرة (مصر) : _bالشركة الدولية للطباعة، _c2001 |
||
| 300 |
_a432 صفحة ؛ _c24 سم |
||
| 336 |
_2rdacontent _atext |
||
| 337 |
_2rdamedia _aUnmediated |
||
| 338 |
_2rdacarrier _avolume |
||
| 504 | _a. 415-407 ببليوجرافيا: صفحات. | ||
| 541 |
_aد. / جابر عصفور ؛ _bالقاهرة ؛ _cإهداء ؛ _d2024. |
||
| 650 | 1 |
_aقصص القرآن _2qrmak |
|
| 650 | 1 | 7 |
_aقصص الأنبياء _2qrmak |
| 651 | 1 | _2qrmak | |
| 905 | _aAmira | ||
| 942 |
_2ddc _cBK _e21 _n0 |
||
| 999 |
_c180564 _d180564 |
||